Rising From The Ashes. (Record no. 3718)

MARC details
000 -LEADER
fixed length control field 00584nam a22001937a 4500
003 - CONTROL NUMBER IDENTIFIER
control field OSt
005 - DATE AND TIME OF LATEST TRANSACTION
control field 20160425125224.0
008 - FIXED-LENGTH DATA ELEMENTS--GENERAL INFORMATION
fixed length control field 160425b xxu||||| |||| 00| 0 eng d
020 ## - INTERNATIONAL STANDARD BOOK NUMBER
International Standard Book Number 1853394394
040 ## - CATALOGING SOURCE
Transcribing agency DDC.
082 ## - DEWEY DECIMAL CLASSIFICATION NUMBER
Classification number 338.9AND1998.
100 ## - MAIN ENTRY--PERSONAL NAME
Personal name Anderson,B.Mary;Woodrow,J.Peter.
9 (RLIN) 8218
245 ## - TITLE STATEMENT
Title Rising From The Ashes.
Remainder of title Development strategies in Times of Disaster.
260 ## - PUBLICATION, DISTRIBUTION, ETC. (IMPRINT)
Place of publication, distribution, etc. UK.
Name of publisher, distributor, etc. Intermediate Technology Publications.
Date of publication, distribution, etc. 1998.
300 ## - PHYSICAL DESCRIPTION
Extent x,338p;
Other physical details ill;
Dimensions 25cm.
505 ## - FORMATTED CONTENTS NOTE
Formatted contents note includes Bibliography.
650 ## - SUBJECT ADDED ENTRY--TOPICAL TERM
Topical term or geographic name as entry element Development strategies.
9 (RLIN) 8219
942 ## - ADDED ENTRY ELEMENTS (KOHA)
Source of classification or shelving scheme Dewey Decimal Classification
Koha item type Short Loan
Holdings
Withdrawn status Lost status Source of classification or shelving scheme Damaged status Not for loan Home library Current library Date acquired Source of acquisition Inventory number Total Checkouts Full call number Barcode Date last seen Price effective from Koha item type
    Dewey Decimal Classification     MUST Main Library MUST Main Library 25/04/2016   03/19690   338.9AND1998. 2016-1221 25/04/2016 25/04/2016 Short Loan